[Event "Belgrade-chT"]
[Site "Belgrade"]
[Date "2014.09.21"]
[Round "2.1"]
[White "Vucicevic, Moma"]
[Black "Jovic, Aleksandar"]
[Result "1/2-1/2"]
[WhiteElo "2287"]
[BlackElo "2396"]
[PlyCount "20"]
[EventDate "2014.09.20"]
[EventType "team-tourn"]
[EventRounds "11"]
[EventCountry "SRB"]
[SourceTitle "CBM 162 Extra"]
[Source "ChessBase"]
[SourceDate "2014.10.17"]
[SourceVersion "1"]
[SourceVersionDate "2014.10.17"]
[SourceQuality "1"]
[WhiteTeam "Belgrade"]
[BlackTeam "Belgrade Vodovod"]
[WhiteTeamCountry "SRB"]
[BlackTeamCountry "SRB"]

1. d4 e6 2. c4 Nf6 3. Nc3 Bb4 4. e3 0-0 5. Nge2 d5 6. a3 Bxc3+ 7. Nxc3 Nbd7 8. cxd5 exd5 9. b4 a5 10. b5 c5 1/2-1/2

[Event "Belgrade-chT"]
[Site "Belgrade"]
[Date "2013.10.20"]
[Round "9.2"]
[White "Vucicevic, Moma"]
[Black "Vucinic, Gojko"]
[Result "0-1"]
[WhiteElo "2309"]
[BlackElo "2265"]
[PlyCount "112"]
[EventDate "2013.10.12"]
[EventType "team-tourn"]
[EventRounds "11"]
[EventCountry "SRB"]
[SourceTitle "EXT 2014"]
[Source "ChessBase"]
[SourceDate "2013.11.20"]
[SourceVersion "1"]
[SourceVersionDate "2013.11.20"]
[SourceQuality "1"]
[WhiteTeam "Belgrade"]
[BlackTeam "Itaka"]
[WhiteTeamCountry "SRB"]
[BlackTeamCountry "SRB"]

1. d4 Nf6 2. c4 g6 3. Nc3 d5 4. Nf3 Bg7 5. Qb3 dxc4 6. Qxc4 0-0 7. e4 Be6 8. Qe2 c5 9. d5 Bg4 10. h3 Bxf3 11. Qxf3 Nbd7 12. Be2 Qa5 13. 0-0 a6 14. Bd2 b5 15. b3 Ne8 16. Rac1 Nd6 17. Rfd1 b4 18. Na4 f5 19. exf5 Rxf5 20. Qd3 c4 21. Rxc4 Ne5 22. Qc2 Nexc4 23. bxc4 Rc8 24. Qb3 Rb8 25. Be3 Kh8 26. Rb1 Rff8 27. Nc5 Rfc8 28. Ne6 Bf6 29. g4 Qa3 30. Bf4 Qxb3 31. axb3 Ra8 32. Bf3 Ra7 33. Be3 Rd7 34. Nc5 Ra7 35. Nd3 Rb7 36. Nc5 Ra7 37. Ne4 Nxe4 38. Bxa7 Nd2 39. Rd1 Nxf3+ 40. Kg2 Ne5 41. d6 exd6 42. Rxd6 Bg7 43. Rxa6 Ra8 44. Rb6 Rxa7 45. Rb8+ Bf8 46. Rxf8+ Kg7 47. Rb8 Nd3 48. Kf3 Ra3 49. Ke4 Rxb3 50. Kd4 Nxf2 51. c5 Nxh3 52. c6 Ng5 53. Kd5 Rd3+ 54. Kc5 Ne6+ 55. Kc4 Rd4+ 56. Kb5 b3 0-1

[Event "Belgrade-chT"]
[Site "Belgrade"]
[Date "2013.10.14"]
[Round "3.3"]
[White "Vucicevic, Moma"]
[Black "Cetkovic, Miodrag"]
[Result "1-0"]
[WhiteElo "2309"]
[BlackElo "2174"]
[PlyCount "69"]
[EventDate "2013.10.12"]
[EventType "team-tourn"]
[EventRounds "11"]
[EventCountry "SRB"]
[SourceTitle "EXT 2014"]
[Source "ChessBase"]
[SourceDate "2013.11.20"]
[SourceVersion "1"]
[SourceVersionDate "2013.11.20"]
[SourceQuality "1"]
[WhiteTeam "Belgrade"]
[BlackTeam "Belgrade Radnicki"]
[WhiteTeamCountry "SRB"]
[BlackTeamCountry "SRB"]

1. d4 f5 2. g3 Nf6 3. Bg2 d6 4. Nf3 c6 5. 0-0 Qc7 6. Nbd2 g6 7. b3 Bg7 8. Bb2 0-0 9. c4 h6 10. Rc1 Nbd7 11. Nh4 Kh7 12. e4 e6 13. Qc2 Re8 14. Qb1 Nf8 15. d5 g5 16. Nhf3 exd5 17. cxd5 c5 18. exf5 Kh8 19. Nd4 N8h7 20. Ne6 Bxe6 21. fxe6 Qe7 22. Nc4 Nh5 23. Qg6 Bxb2 24. Nxb2 Qg7 25. Qxh5 Qxb2 26. Qxh6 Qf6 27. Qh5 Kg7 28. f4 Re7 29. Rc4 Qh6 30. Qxh6+ Kxh6 31. fxg5+ Kxg5 32. Rcf4 Rae8 33. h4+ Kh6 34. g4 b5 35. Be4 1-0

[Event "Novi Sad CupT"]
[Site "Novi Sad"]
[Date "2012.12.04"]
[Round "4"]
[White "Vucicevic, Moma"]
[Black "Milovic, Jovan"]
[Result "1-0"]
[WhiteElo "2312"]
[BlackElo "2308"]
[PlyCount "59"]
[EventDate "2012.12.04"]
[EventType "team-tourn"]
[EventRounds "7"]
[EventCountry "YUG"]
[SourceTitle "EXT 2014"]
[Source "ChessBase"]
[SourceDate "2013.11.20"]
[SourceVersion "1"]
[SourceVersionDate "2013.11.20"]
[SourceQuality "1"]

1. c4 g6 2. g3 Bg7 3. Bg2 Nf6 4. Nc3 0-0 5. d4 Nc6 6. Nf3 d6 7. 0-0 a6 8. h3 Bd7 9. e4 e5 10. dxe5 dxe5 11. Re1 Qc8 12. Kh2 Re8 13. Nd5 b5 14. Bg5 Re6 15. Rc1 Ra7 16. Qd2 Ne8 17. Be3 Rb7 18. cxb5 Rxb5 19. Ng5 Rd6 20. Bc5 Qb7 21. b3 Rxc5 22. Rxc5 Bh6 23. f4 exf4 24. gxf4 Qa7 25. Qc3 f6 26. e5 fxe5 27. fxe5 Bxg5 28. exd6 cxd6 29. Rxc6 Qf2 30. Rc8 1-0

[Event "SRB-chT"]
[Site "Vrnjacka Banja"]
[Date "2012.10.03"]
[Round "6.2"]
[White "Vucicevic, Moma"]
[Black "Stankovic, Dejan"]
[Result "1/2-1/2"]
[WhiteElo "2313"]
[BlackElo "2267"]
[PlyCount "39"]
[EventDate "2012.09.29"]
[EventType "team-tourn"]
[EventRounds "11"]
[EventCountry "SRB"]
[SourceTitle "CBM 150 Extra"]
[Source "ChessBase"]
[SourceDate "2012.10.19"]
[SourceVersion "1"]
[SourceVersionDate "2012.10.19"]
[SourceQuality "1"]
[WhiteTeam "Kraljevo Sloga"]
[BlackTeam "Donja Studena"]
[WhiteTeamCountry "SRB"]
[BlackTeamCountry "SRB"]

1. d4 d5 2. c4 c6 3. Nf3 Nf6 4. e3 a6 5. Bd3 b5 6. b3 Bg4 7. Nbd2 e6 8. Qc2 Nbd7 9. 0-0 Bh5 10. Bb2 Bg6 11. Bxg6 hxg6 12. e4 Be7 13. Rfe1 dxe4 14. Nxe4 0-0 15. Rad1 Rc8 16. Bc3 Nxe4 17. Qxe4 b4 18. Bd2 Qa5 19. Bc3 Qd8 20. Qc2 1/2-1/2

[Event "Zuerich op-A 35th"]
[Site "Zuerich"]
[Date "2011.12.29"]
[Round "5"]
[White "Vucicevic, Moma"]
[Black "Miezis, Normunds"]
[Result "0-1"]
[WhiteElo "2321"]
[BlackElo "2547"]
[PlyCount "78"]
[EventDate "2011.12.26"]
[EventType "swiss"]
[EventRounds "7"]
[EventCountry "SUI"]
[SourceTitle "CBM 146 Extra"]
[Source "ChessBase"]
[SourceDate "2012.02.29"]
[SourceVersion "1"]
[SourceVersionDate "2012.02.29"]
[SourceQuality "1"]

1. c4 c5 2. g3 Nc6 3. Bg2 g6 4. Nc3 Bg7 5. Nf3 e5 6. 0-0 Nge7 7. a3 d6 8. b4 0-0 9. Rb1 f5 10. Ne1 e4 11. Bb2 Be6 12. d3 Ne5 13. Ba1 Rb8 14. dxe4 Nxc4 15. Qc1 cxb4 16. axb4 b5 17. Nd3 Bf7 18. exf5 Nxf5 19. Ne4 d5 20. Bxg7 Kxg7 21. Nec5 d4 22. Ra1 Qe7 23. Ra6 Rb6 24. Qa1 Rxa6 25. Qxa6 Nd2 26. Re1 Rb8 27. Nf4 Kg8 28. Ra1 d3 29. e3 Rd8 30. Qb7 Nb3 31. Qxe7 Nxe7 32. Rb1 d2 33. Bf3 Nxc5 34. bxc5 a5 35. Bd1 b4 36. Ba4 b3 37. Rd1 Rb8 38. Ne2 Rb4 39. Nc3 Rc4 0-1

[Event "Lugano op 4th"]
[Site "Lugano"]
[Date "2010.04.05"]
[Round "6"]
[White "Vucicevic, Moma"]
[Black "Bellia, Fabrizio"]
[Result "1/2-1/2"]
[WhiteElo "2326"]
[BlackElo "2349"]
[PlyCount "84"]
[EventDate "2010.04.02"]
[EventType "swiss"]
[EventRounds "6"]
[EventCountry "SUI"]
[SourceTitle "EXT 2024"]
[Source "ChessBase"]
[SourceDate "2023.10.10"]
[SourceVersion "1"]
[SourceVersionDate "2023.10.10"]
[SourceQuality "1"]

1. d4 Nf6 2. c4 e6 3. Nc3 c5 4. d5 exd5 5. cxd5 d6 6. Nf3 g6 7. g3 Bg7 8. Bg2 0-0 9. 0-0 a6 10. a4 Nbd7 11. Bf4 Qe7 12. h3 Re8 13. e4 Nh5 14. Bg5 Bf6 15. Bxf6 Qxf6 16. a5 Ne5 17. Nxe5 Qxe5 18. Na4 Rb8 19. Nb6 Qxb2 20. Nc4 Qf6 21. Rb1 b5 22. axb6 Bd7 23. Qd2 Bb5 24. Rfc1 Qd8 25. g4 Nf6 26. Qf4 Bxc4 27. Rxc4 Kg7 28. Rc3 h6 29. Rcb3 g5 30. Qd2 Nxe4 31. Qa5 c4 32. Re3 Nc5 33. Rxe8 Qxe8 34. Qc3+ Kg8 35. Qxc4 Qd8 36. Qb4 Qf6 37. Bf1 Nd7 38. b7 Nc5 39. Bxa6 Nxa6 40. Qb6 Nc5 41. Qc7 Rxb7 42. Rxb7 Nxb7 1/2-1/2

[Event "Lugano op 4th"]
[Site "Lugano"]
[Date "2010.04.03"]
[Round "3"]
[White "Stojanovic, Mihajlo"]
[Black "Vucicevic, Moma"]
[Result "1-0"]
[WhiteElo "2582"]
[BlackElo "2326"]
[PlyCount "57"]
[EventDate "2010.04.02"]
[EventType "swiss"]
[EventRounds "6"]
[EventCountry "SUI"]
[SourceTitle "EXT 2024"]
[Source "ChessBase"]
[SourceDate "2023.10.10"]
[SourceVersion "1"]
[SourceVersionDate "2023.10.10"]
[SourceQuality "1"]

1. d4 Nf6 2. c4 g6 3. Nc3 Bg7 4. e4 d6 5. Nf3 0-0 6. Be2 e5 7. Be3 Na6 8. 0-0 Ng4 9. Bg5 Qe8 10. h3 h6 11. Bc1 Nf6 12. Bd3 exd4 13. Nxd4 c6 14. Re1 Qe7 15. Bc2 Bd7 16. Bf4 Nb4 17. Nf5 Bxf5 18. Bxd6 Qd7 19. Bxb4 Bxh3 20. gxh3 Qxh3 21. Qd3 Qg4+ 22. Qg3 Qe6 23. Bxf8 Rxf8 24. Bd1 Rd8 25. e5 Nh7 26. Bg4 Qxc4 27. e6 f5 28. e7 Re8 29. Bd1 1-0

[Event "SCG-chT 48th"]
[Site "Herceg Novi"]
[Date "2005.05.20"]
[Round "6"]
[White "Perunovic, Miodrag"]
[Black "Vucicevic, Moma"]
[Result "1-0"]
[WhiteElo "2346"]
[BlackElo "2333"]
[PlyCount "77"]
[EventDate "2005.05.15"]
[EventType "team"]
[EventRounds "7"]
[EventCountry "YUG"]
[SourceTitle "CBM 106 Extra"]
[Source "ChessBase"]
[SourceDate "2005.07.01"]
[SourceVersion "1"]
[SourceVersionDate "2005.07.01"]
[SourceQuality "1"]

1. e4 e5 2. Nf3 Nc6 3. Bb5 Nf6 4. d3 Bc5 5. c3 d6 6. 0-0 0-0 7. Re1 a6 8. Ba4 Ba7 9. Nbd2 Ng4 10. Re2 f5 11. h3 Nh6 12. Nf1 f4 13. d4 Qe7 14. Bxc6 bxc6 15. dxe5 dxe5 16. Qa4 Qf6 17. b3 g5 18. Ba3 Re8 19. Bc5 Bxc5 20. Qc4+ Nf7 21. Qxc5 h5 22. N3h2 g4 23. g3 gxh3 24. Kh1 Qd6 25. Qa5 c5 26. gxf4 exf4 27. Nd2 Be6 28. b4 Qb6 29. Qa3 Qb5 30. Rg1+ Kh7 31. c4 Bxc4 32. Qxh3 Re5 33. Ng4 Rg5 34. Nf6+ Kh6 35. Rxg5 Bxe2 36. Rxc5 Qd3 37. Rxh5+ Kg7 38. Rh7+ Kf8 39. Qe6 1-0

[Event "YUG-chT"]
[Site "Niksic"]
[Date "1997.??.??"]
[Round "8"]
[White "Miljanic, Boro"]
[Black "Vucicevic, Moma"]
[Result "1-0"]
[WhiteElo "2475"]
[BlackElo "2360"]
[PlyCount "70"]
[EventDate "1997.08.27"]
[EventType "team"]
[EventRounds "11"]
[EventCountry "YUG"]
[SourceTitle "CBM 059 Extra"]
[Source "ChessBase"]
[SourceDate "1997.09.26"]
[SourceVersion "1"]
[SourceVersionDate "1997.09.26"]
[SourceQuality "1"]

1. e4 c5 2. c3 e6 3. d4 d5 4. e5 Nc6 5. Nf3 Qb6 6. a3 Nh6 7. b4 cxd4 8. cxd4 Nf5 9. Be3 Nxe3 10. fxe3 g6 11. Bd3 Bh6 12. Qe2 0-0 13. 0-0 a5 14. b5 Ne7 15. Nc3 Bd7 16. Nd1 f5 17. exf6 Rxf6 18. Nf2 Bg7 19. Ng4 Rff8 20. Rf2 Qd6 21. a4 Rac8 22. Raf1 Rc3 23. Nge5 Be8 24. g4 Nc8 25. h4 Qe7 26. Qd2 Qa3 27. h5 gxh5 28. Ng5 Rxf2 29. Bxh7+ Kh8 30. Qxf2 Qe7 31. Qf4 Nd6 32. Bg6 h4 33. Bxe8 Qxe8 34. Qf2 Bh6 35. Qf6+ Bg7 1-0

[Event "YUG-chT"]
[Site "Niksic"]
[Date "1997.??.??"]
[Round "7"]
[White "Vucicevic, Moma"]
[Black "Nikolic, Zivoslav"]
[Result "1/2-1/2"]
[WhiteElo "2360"]
[BlackElo "2440"]
[PlyCount "59"]
[EventDate "1997.08.27"]
[EventType "team"]
[EventRounds "11"]
[EventCountry "YUG"]
[SourceTitle "CBM 059 Extra"]
[Source "ChessBase"]
[SourceDate "1997.09.26"]
[SourceVersion "1"]
[SourceVersionDate "1997.09.26"]
[SourceQuality "1"]

1. d4 Nf6 2. c4 d6 3. Nf3 Nbd7 4. g3 e5 5. Bg2 c6 6. Nc3 Be7 7. 0-0 0-0 8. e4 Re8 9. Re1 Bf8 10. h3 a6 11. a4 exd4 12. Nxd4 a5 13. Be3 Nc5 14. Qc2 Qb6 15. Rad1 Qa6 16. b3 Qb6 17. f3 Nfd7 18. Bf2 g6 19. Rb1 Nb8 20. Nce2 Nba6 21. Nf4 Bg7 22. Qd2 Nb4 23. Bf1 Ncd3 24. Nxd3 Bxd4 25. Nxb4 Bxf2+ 26. Qxf2 Qxb4 27. Re3 Be6 28. Rd1 Rad8 29. g4 f6 30. Kg2 1/2-1/2

[Event "YUG-ch sf"]
[Site "Kladovo"]
[Date "1996.??.??"]
[Round "?"]
[White "Cabrilo, Goran"]
[Black "Vucicevic, Moma"]
[Result "1-0"]
[WhiteElo "2490"]
[BlackElo "2370"]
[PlyCount "129"]
[EventDate "1996.??.??"]
[EventType "swiss"]
[EventRounds "11"]
[EventCountry "YUG"]
[SourceTitle "EXT 2000"]
[Source "ChessBase"]
[SourceDate "1999.11.16"]
[SourceVersion "1"]
[SourceVersionDate "1999.11.16"]
[SourceQuality "1"]

1. e4 c5 2. Nf3 d6 3. d4 cxd4 4. Nxd4 Nf6 5. Nc3 Nc6 6. Be2 g6 7. Nb3 Bg7 8. 0-0 0-0 9. Kh1 a6 10. a4 Be6 11. f4 Bxb3 12. cxb3 e6 13. Bf3 Qb6 14. Re1 Rfd8 15. Be3 Qa5 16. Bd2 Qc7 17. Rc1 Qb6 18. a5 Qxa5 19. Nd5 Qa2 20. Nb6 Qxb2 21. Nxa8 Rxa8 22. Bc3 Qa3 23. e5 dxe5 24. Bxc6 bxc6 25. Bxe5 Nd5 26. Bxg7 Kxg7 27. Rxc6 Qb2 28. Qa1 Qxa1 29. Rxa1 Rb8 30. Ra3 Nxf4 31. Rcxa6 Rd8 32. Ra1 Rd3 33. Rf1 Rd7 34. b4 Nd5 35. b5 Rb7 36. Ra5 Nc3 37. b6 Rxb6 38. Ra7 Kh6 39. Raxf7 Nd5 40. R7f3 g5 41. h3 Kg6 42. Rf8 Kg7 43. R1f7+ Kg6 44. Rf3 h6 45. Kh2 Rb2 46. Rf2 Rb6 47. Rg8+ Kh7 48. Re8 Kg6 49. Rg8+ Kh7 50. Ra8 Kg6 51. Rfa2 Kf6 52. R8a6 Rxa6 53. Rxa6 h5 54. Kg3 h4+ 55. Kg4 Ne3+ 56. Kf3 Nd5 57. Ke4 Nc3+ 58. Kf3 Nd5 59. Ra8 Kg6 60. Rg8+ Kf5 61. Rf8+ Kg6 62. Ke4 Nf4 63. Ke5 Kg7 64. Rxf4 gxf4 65. Kxe6 1-0

[Event "YUG-chT2"]
[Site "Tivat"]
[Date "1995.??.??"]
[Round "11"]
[White "Krejic, Igor"]
[Black "Vucicevic, Moma"]
[Result "1/2-1/2"]
[WhiteElo "2160"]
[BlackElo "2355"]
[PlyCount "65"]
[EventDate "1995.??.??"]
[EventType "team"]
[EventRounds "11"]
[EventCountry "YUG"]
[SourceTitle "EXT 2002"]
[Source "ChessBase"]
[SourceDate "2001.11.25"]
[SourceVersion "1"]
[SourceVersionDate "2001.11.25"]
[SourceQuality "1"]

1. e4 g6 2. d4 Bg7 3. Nf3 d6 4. Be2 Nf6 5. Nc3 0-0 6. 0-0 Nbd7 7. e5 Ne8 8. Bf4 c6 9. exd6 exd6 10. Qd2 Ndf6 11. Rfe1 Nc7 12. Bh6 b5 13. Bxg7 Kxg7 14. Bd3 Bg4 15. Ng5 Qd7 16. h3 Bf5 17. Bxf5 Qxf5 18. Re7 Nfd5 19. Nxd5 Nxd5 20. Ne6+ Kg8 21. Qh6 Qf6 22. Nxf8 Nxe7 23. Nxh7 Qxd4 24. Ng5 Qg7 25. Qxg7+ Kxg7 26. Rd1 Nd5 27. Nf3 Rd8 28. Nd4 Ne7 29. Re1 Rd7 30. f4 a6 31. Kf2 c5 32. Nf3 Nd5 33. g3 1/2-1/2

[Event "YUG-chT2"]
[Site "Tivat"]
[Date "1995.??.??"]
[Round "3"]
[White "Vucicevic, Moma"]
[Black "Markovic, Dejan"]
[Result "1-0"]
[WhiteElo "2355"]
[BlackElo "2260"]
[PlyCount "69"]
[EventDate "1995.??.??"]
[EventType "team"]
[EventRounds "11"]
[EventCountry "YUG"]
[SourceTitle "EXT 2002"]
[Source "ChessBase"]
[SourceDate "2001.11.25"]
[SourceVersion "1"]
[SourceVersionDate "2001.11.25"]
[SourceQuality "1"]

1. d4 c6 2. c4 d5 3. Nc3 Nf6 4. Nf3 e6 5. e3 Be7 6. Bd3 0-0 7. 0-0 dxc4 8. Bxc4 b5 9. Bd3 Bb7 10. e4 a6 11. Qe2 Re8 12. e5 Nfd7 13. Rd1 Qc7 14. Ne4 c5 15. Bf4 cxd4 16. Nxd4 Nc6 17. Nxc6 Bxc6 18. Nd6 Bxd6 19. exd6 Qb7 20. Rac1 Rac8 21. Qg4 Nf8 22. h4 Bd7 23. Bh6 Ng6 24. h5 f5 25. Qg3 gxh6 26. hxg6 Kg7 27. Rc7 Rxc7 28. dxc7 e5 29. gxh7+ Kxh7 30. Rc1 e4 31. Qd6 Bc8 32. Qf6 Rg8 33. Rc6 Rg7 34. Qxh6+ Kg8 35. Bc2 1-0

[Event "YUG-chT2"]
[Site "Tivat"]
[Date "1995.??.??"]
[Round "6"]
[White "Vucicevic, Moma"]
[Black "Petrovic, Zarko"]
[Result "0-1"]
[WhiteElo "2355"]
[BlackElo "2205"]
[PlyCount "54"]
[EventDate "1995.??.??"]
[EventType "team"]
[EventRounds "11"]
[EventCountry "YUG"]
[SourceTitle "EXT 2002"]
[Source "ChessBase"]
[SourceDate "2001.11.25"]
[SourceVersion "1"]
[SourceVersionDate "2001.11.25"]
[SourceQuality "1"]

1. Nf3 e6 2. g3 d5 3. Bg2 Nf6 4. 0-0 Be7 5. c4 0-0 6. b3 b6 7. Bb2 Bb7 8. e3 c5 9. Nc3 Nbd7 10. d3 Rc8 11. Qe2 Qc7 12. Rad1 Rfd8 13. cxd5 Nxd5 14. Nxd5 Bxd5 15. e4 Bb7 16. d4 Nf6 17. dxc5 Qxc5 18. Rxd8+ Rxd8 19. Rc1 Qb4 20. Rc7 Bxe4 21. Rxa7 Bc5 22. Bxf6 gxf6 23. Ra4 Bxf3 24. Qxf3 Qe1+ 25. Bf1 f5 26. Qf4 h6 27. Kg2 Rd2 0-1

[Event "Belgrade-B"]
[Site "Belgrade"]
[Date "1990.??.??"]
[Round "13"]
[White "Andonov, Bogomil"]
[Black "Vucicevic, Moma"]
[Result "0-1"]
[WhiteElo "2360"]
[BlackElo "2305"]
[PlyCount "134"]
[EventDate "1990.??.??"]
[EventType "tourn"]
[EventRounds "13"]
[EventCountry "YUG"]
[EventCategory "3"]
[SourceTitle "EXT 1997"]
[Source "ChessBase"]
[SourceDate "1996.11.15"]
[SourceVersion "1"]
[SourceVersionDate "1996.11.15"]
[SourceQuality "1"]

1. Nf3 Nf6 2. c4 g6 3. Nc3 Bg7 4. e4 d6 5. d4 0-0 6. h3 e5 7. d5 a5 8. Bg5 Na6 9. g4 Qe8 10. Nd2 Nd7 11. Be3 f5 12. gxf5 gxf5 13. exf5 Ndc5 14. Nf3 Bxf5 15. Nh4 Bd7 16. Rg1 Kh8 17. Be2 Qe7 18. Nf3 Bf6 19. Qd2 Bf5 20. 0-0-0 Nb4 21. Bxc5 dxc5 22. a3 e4 23. Ng5 Bd4 24. Qe1 Bg6 25. Rxd4 cxd4 26. Ncxe4 Bxe4 27. Bf1 Na2+ 28. Kd2 Rae8 29. Ne6 Bf5 30. Qe5+ Qf6 31. Qxf6+ Rxf6 32. Nxc7 Rc8 33. Nb5 Bd7 34. Nxd4 Rxf2+ 35. Be2 Re8 36. Ra1 Bxh3 37. Kd3 Bf5+ 38. Nxf5 Rxf5 39. Rxa2 Rfe5 40. Bg4 Re4 41. Bd7 Re3+ 42. Kd2 R8e4 43. Bb5 Rg3 44. Ra1 h5 45. Rh1 h4 46. d6 Rd4+ 47. Kc1 Kg7 48. d7 h3 49. a4 Kg6 50. c5 Kh5 51. Be2+ Kh4 52. Rd1 Rxd1+ 53. Kxd1 Rg8 54. Bf3 Rd8 55. Kc2 Rxd7 56. Kc3 Kg3 57. Be4 Rf7 58. Bh1 h2 59. Kc4 Rf1 60. Bxb7 Rf3 61. Bxf3 Kxf3 62. Kb5 h1Q 63. c6 Qh2 64. Kxa5 Qc7+ 65. Kb5 Ke4 66. Kc5 Ke5 67. b4 Qa7+ 0-1